000 00597nam a2200193 a 4500
005 20240215063702.0
008 991125s1984 ag 000 0 spa u
020 _a9506020752
035 _aUPN01000002589
049 _aCG
050 4 _aH62
_bA53
245 0 3 _aEl análisis de datos en la investigación social /
_cselec. e introd. Manuel Mora y Araujo.
260 _aBuenos Aires :
_bNueva Visión,
_c1984.
300 _a102 p.
440 0 _aCuadernos de investigación social
650 4 _aCiencias sociales
_xInvestigación
_97497
700 1 _aMora y Araujo, Manuel,
_ecomp.
905 _aLibro
999 _c2589
_d2589